[Event "COL-ch"]
[Site "Cartagena"]
[Date "2023.06.08"]
[Round "2"]
[White "Gomez Viana, Duvan Leandro"]
[Black "Hernandez Jimenez, Jeronimo"]
[Result "1-0"]
[WhiteElo "1732"]
[BlackElo "2151"]
[PlyCount "83"]
[EventDate "2023.06.08"]
[EventType "swiss"]
[EventRounds "9"]
[EventCountry "COL"]
[SourceTitle "CBM 215 Extra"]
[Source "ChessBase"]
[SourceDate "2023.09.30"]
[SourceVersion "1"]
[SourceVersionDate "2023.09.30"]
[SourceQuality "1"]

1. e4 e5 2. Nf3 Nc6 3. Bb5 f5 4. d3 fxe4 5. dxe4 Nf6 6. 0-0 Bc5 7. Bg5 d6 8. Nc3 0-0 9. Nd5 Kh8 10. c3 Ne7 11. Nxf6 gxf6 12. Bh6 Rg8 13. Bc4 Rg6 14. Qd2 Qe8 15. Rae1 b5 16. Bb3 a5 17. a3 Rxg2+ 18. Kxg2 Bh3+ 19. Kh1 Qh5 20. Ng1 Bxf1 21. Rxf1 Qh4 22. f3 Ng6 23. Be3 Bxe3 24. Qxe3 Nf4 25. Ne2 Nh5 26. f4 a4 27. Ba2 Rf8 28. f5 c6 29. Rg1 Rd8 30. Qf3 Ng7 31. Qg2 Qh6 32. c4 bxc4 33. Bxc4 Rd7 34. Nc3 Ra7 35. Rd1 Rd7 36. Nxa4 d5 37. Nc5 Rd6 38. Ba2 Qe3 39. Rg1 Qh6 40. exd5 cxd5 41. Bxd5 Qxh2+ 42. Kxh2 1-0

[Event "Tolima Deportivo op"]
[Site "Tolima"]
[Date "2021.11.14"]
[Round "4"]
[White "Cifuentes Camacho, Miguel Angel"]
[Black "Gomez Viana, Duvan Leandro"]
[Result "1-0"]
[WhiteElo "1274"]
[BlackElo "1812"]
[PlyCount "99"]
[EventDate "2021.11.12"]
[EventType "swiss"]
[EventRounds "7"]
[EventCountry "COL"]
[SourceTitle "CBM 205 Extra"]
[Source "ChessBase"]
[SourceDate "2022.01.31"]
[SourceVersion "1"]
[SourceVersionDate "2022.01.31"]
[SourceQuality "1"]

1. d4 Nf6 2. Bf4 d5 3. e3 e6 4. Bd3 Bd6 5. Bg3 c5 6. c3 Nc6 7. Nd2 cxd4 8. exd4 0-0 9. Ngf3 Qc7 10. 0-0 Bxg3 11. hxg3 e5 12. dxe5 Nxe5 13. Nxe5 Qxe5 14. Re1 Qd6 15. Nf3 Bg4 16. Qc2 Bxf3 17. gxf3 Rac8 18. Qa4 a6 19. Kg2 b5 20. Qd4 Rfe8 21. Bf5 Rc4 22. Rxe8+ Nxe8 23. Qe3 Nf6 24. Rd1 g6 25. Bc2 Qc6 26. Bb3 Rc5 27. Rd4 a5 28. a3 a4 29. Ba2 Kg7 30. g4 Nd7 31. g5 Qe6 32. Re4 Qd6 33. Re8 d4 34. cxd4 Rf5 35. Bb1 Rf4 36. d5 Rh4 37. Qc3+ f6 38. Qc8 fxg5 39. Rd8 Qh2+ 40. Kf1 Nf6 41. Bd3 Qe5 42. Qb8 Qxb2 43. Rh8 Qxa3 44. d6 Qxd3+ 45. Kg2 Rg4+ 46. fxg4 Qd5+ 47. f3 Qd2+ 48. Kh3 Nd7 49. Qg8+ Kf6 50. Qe8 1-0

[Event "COL-ch U2000"]
[Site "Villamaria"]
[Date "2019.11.02"]
[Round "2"]
[White "Cardona Martinez, Lina Sofia"]
[Black "Gomez Viana, Duvan Leandro"]
[Result "1-0"]
[WhiteElo "1884"]
[BlackElo "1807"]
[PlyCount "76"]
[EventDate "2019.11.01"]
[EventType "swiss"]
[EventRounds "7"]
[EventCountry "COL"]
[SourceTitle "CBM 193 Extra"]
[Source "ChessBase"]
[SourceDate "2020.01.31"]
[SourceVersion "1"]
[SourceVersionDate "2020.01.31"]
[SourceQuality "1"]

1. e4 c5 2. Nf3 e6 3. d4 cxd4 4. Nxd4 Nf6 5. Nc3 Nc6 6. g3 Bb4 7. Bg2 0-0 8. 0-0 a6 9. Nde2 Bc5 10. h3 Qe7 11. Na4 Ba7 12. Bf4 Qb4 13. c3 Qa5 14. b4 Qb5 15. Nb2 e5 16. Bg5 Ne8 17. a4 Qb6 18. Nc4 Qc7 19. b5 f6 20. bxc6 fxg5 21. cxd7 Qxd7 22. Qxd7 Bxd7 23. Nxe5 Nf6 24. Nxd7 Nxd7 25. Nd4 Rf6 26. Rab1 Rb8 27. Rfd1 Ne5 28. Nf5 g6 29. Nd4 b5 30. axb5 axb5 31. Bf1 Nf3+ 32. Kg2 Nxd4 33. cxd4 Rd8 34. Bxb5 Rxd4 35. Rxd4 Bxd4 36. f3 Rb6 37. Bc4+ Kg7 38. Rxb6 Bxb6 1-0

[Event "COL-ch U2000"]
[Site "Villamaria"]
[Date "2019.11.01"]
[Round "1"]
[White "Gomez Viana, Duvan Leandro"]
[Black "Campos Gomez, Manuel"]
[Result "0-1"]
[WhiteElo "1807"]
[BlackElo "1892"]
[PlyCount "60"]
[EventDate "2019.11.01"]
[EventType "swiss"]
[EventRounds "7"]
[EventCountry "COL"]
[SourceTitle "CBM 193 Extra"]
[Source "ChessBase"]
[SourceDate "2020.01.31"]
[SourceVersion "1"]
[SourceVersionDate "2020.01.31"]
[SourceQuality "1"]

1. e4 c5 2. Nf3 e6 3. c3 Nc6 4. d4 d5 5. exd5 Qxd5 6. Be3 cxd4 7. Nxd4 Nxd4 8. Qxd4 Nf6 9. Qxd5 Nxd5 10. Bb5+ Bd7 11. Bxd7+ Kxd7 12. Bd4 e5 13. Be3 f5 14. Ke2 Ke6 15. Rd1 f4 16. Bd2 Rc8 17. a4 g5 18. Na3 Bxa3 19. Rxa3 Rhd8 20. Rb3 Rd7 21. g3 Rcd8 22. c4 Nf6 23. Rc3 Ne4 24. Rc2 f3+ 25. Ke1 Kf5 26. b4 Kg4 27. c5 Kh3 28. b5 Kg2 29. c6 Nxf2 30. Rdc1 Rd4 0-1

[Event "Tunja Boyaca op-B"]
[Site "Tunja"]
[Date "2019.08.01"]
[Round "3"]
[White "Rojas Castillo, Leibnitz Edison"]
[Black "Gomez Viana, Duvan Leandro"]
[Result "1-0"]
[WhiteElo "1689"]
[BlackElo "1826"]
[PlyCount "37"]
[EventDate "2019.07.31"]
[EventType "swiss"]
[EventRounds "9"]
[EventCountry "COL"]
[SourceTitle "EXT 2020"]
[Source "ChessBase"]
[SourceDate "2019.10.17"]
[SourceVersion "1"]
[SourceVersionDate "2019.10.17"]
[SourceQuality "1"]

1. e4 c5 2. Nf3 e6 3. d4 cxd4 4. Nxd4 Nf6 5. Bd3 Nc6 6. Nxc6 bxc6 7. 0-0 d5 8. Nc3 Be7 9. Re1 Bb4 10. e5 Nd7 11. Qg4 Bxc3 12. bxc3 g6 13. Bh6 Qa5 14. Qh4 Rg8 15. c4 dxc4 16. Be4 Nxe5 17. Bf4 g5 18. Qxh7 gxf4 19. Qxg8+ 1-0

[Event "COL-ch U2000"]
[Site "Pereira"]
[Date "2019.03.25"]
[Round "8"]
[White "Gomez Viana, Duvan Leandro"]
[Black "Restrepo, Hugo"]
[Result "0-1"]
[WhiteElo "1901"]
[BlackElo "1724"]
[PlyCount "60"]
[EventDate "2019.03.21"]
[EventType "swiss"]
[EventRounds "9"]
[EventCountry "COL"]
[SourceTitle "CBM 189 Extra"]
[Source "ChessBase"]
[SourceDate "2019.05.31"]
[SourceVersion "1"]
[SourceVersionDate "2019.05.31"]
[SourceQuality "1"]

1. e4 c5 2. Nf3 Nc6 3. Bb5 Qc7 4. Nc3 e6 5. 0-0 d6 6. Re1 a6 7. Nd5 exd5 8. exd5+ Be7 9. Bxc6+ bxc6 10. d4 Nf6 11. dxc5 cxd5 12. cxd6 Qxd6 13. Qe2 Bg4 14. Bg5 Bxf3 15. gxf3 Ra7 16. Qe3 d4 17. Qd3 0-0 18. Rad1 h6 19. Bh4 Rd7 20. c3 Qb6 21. Qe2 Nd5 22. Rxd4 Bxh4 23. Rxh4 g5 24. Ra4 Re7 25. Qd2 Rxe1+ 26. Qxe1 Qc6 27. Qe4 Re8 28. Rxa6 Rxe4 29. Rxc6 Re1+ 30. Kg2 Nf4+ 0-1

[Event "Bogota Navidad op"]
[Site "Bogota"]
[Date "2016.12.11"]
[Round "8"]
[White "Gomez Viana, Duvan Leandro"]
[Black "Vera, Andres"]
[Result "1-0"]
[WhiteElo "1904"]
[BlackElo "1602"]
[PlyCount "59"]
[EventDate "2016.12.07"]
[EventType "swiss"]
[EventRounds "9"]
[EventCountry "COL"]
[SourceTitle "CBM 176 Extra"]
[Source "ChessBase"]
[SourceDate "2017.03.02"]
[SourceVersion "1"]
[SourceVersionDate "2017.03.02"]
[SourceQuality "1"]

1. e4 c5 2. Nf3 Nc6 3. Bb5 g6 4. Bxc6 bxc6 5. Nc3 Bg7 6. b3 e5 7. Na4 Qe7 8. c4 Nh6 9. d3 0-0 10. Be3 d6 11. h3 Be6 12. Qd2 Nf5 13. exf5 Bxf5 14. Bg5 Qe8 15. 0-0 e4 16. Rae1 d5 17. Nxc5 Qc8 18. dxe4 dxe4 19. Nxe4 f6 20. Bh6 Rd8 21. Qc1 Bh8 22. Ng3 Bd3 23. Ne2 Re8 24. Qd2 Qd8 25. Nfd4 Bf5 26. Nxc6 Qc8 27. Qd5+ Be6 28. Qf3 Bd7 29. Ned4 f5 30. Qd5+ 1-0

[Event "Bogota Navidad op"]
[Site "Bogota"]
[Date "2016.12.10"]
[Round "6"]
[White "Gomez Viana, Duvan Leandro"]
[Black "Zambrano, Carlos Augusto"]
[Result "1-0"]
[WhiteElo "1904"]
[BlackElo "1802"]
[PlyCount "87"]
[EventDate "2016.12.07"]
[EventType "swiss"]
[EventRounds "9"]
[EventCountry "COL"]
[SourceTitle "CBM 176 Extra"]
[Source "ChessBase"]
[SourceDate "2017.03.02"]
[SourceVersion "1"]
[SourceVersionDate "2017.03.02"]
[SourceQuality "1"]

1. e4 Nf6 2. e5 Nd5 3. c4 Nb6 4. d4 d5 5. exd6 cxd6 6. Nc3 g6 7. Be3 Bg7 8. Qd2 Nc6 9. Be2 h6 10. h3 Bd7 11. Nf3 Rc8 12. Rc1 e5 13. Nb5 Qf6 14. dxe5 dxe5 15. Nd6+ Kf8 16. Nxc8 Bxc8 17. Bxb6 axb6 18. Bd3 h5 19. Rd1 Bh6 20. Qc3 Kg7 21. 0-0 Re8 22. Be4 g5 23. Rfe1 g4 24. Bxc6 bxc6 25. Rxe5 Rg8 26. hxg4 Bxg4 27. Rd3 Kh7 28. Rxh5 Qxc3 29. Rxh6+ Kxh6 30. Rxc3 Re8 31. Re3 Ra8 32. a3 Be6 33. Ne5 b5 34. Nxc6 bxc4 35. Ne5 Rb8 36. Rc3 Rxb2 37. Nxc4 Ra2 38. Ne5 Kg5 39. Nd3 Kf5 40. Nc1 Ra1 41. Kh2 Ke5 42. Kg3 f5 43. Ne2 Bd7 44. f3 1-0

[Event "Bogota Navidad op"]
[Site "Bogota"]
[Date "2016.12.10"]
[Round "7"]
[White "Salcedo, Juan Carlos"]
[Black "Gomez Viana, Duvan Leandro"]
[Result "1-0"]
[WhiteElo "1995"]
[BlackElo "1904"]
[PlyCount "69"]
[EventDate "2016.12.07"]
[EventType "swiss"]
[EventRounds "9"]
[EventCountry "COL"]
[SourceTitle "CBM 176 Extra"]
[Source "ChessBase"]
[SourceDate "2017.03.02"]
[SourceVersion "1"]
[SourceVersionDate "2017.03.02"]
[SourceQuality "1"]

1. d4 Nf6 2. Nf3 e6 3. c4 b6 4. g3 Bb7 5. Bg2 Be7 6. 0-0 0-0 7. Nc3 d5 8. cxd5 exd5 9. Bg5 Nbd7 10. Rc1 Ne4 11. Bxe7 Qxe7 12. Nb5 c6 13. Nc3 f5 14. e3 g5 15. Nxe4 fxe4 16. Nd2 Ba6 17. Re1 Qf6 18. f3 exf3 19. Qxf3 Qg6 20. Qg4 Rf7 21. e4 Qf6 22. Kh1 Qxd4 23. Qxg5+ Rg7 24. Qh6 Rg6 25. Qh3 Nc5 26. Nb3 Nxb3 27. axb3 Rd8 28. exd5 cxd5 29. Rcd1 Qxb2 30. Rxd5 Rf8 31. Rd7 Rg7 32. Qe6+ Kh8 33. Qd6 Rgf7 34. Rxf7 Rxf7 35. Bd5 1-0

[Event "Bogota University op 9th"]
[Site "Bogota"]
[Date "2015.10.09"]
[Round "3"]
[White "Gomez Viana, Duvan Leandro"]
[Black "Pardo, Alejandro"]
[Result "0-1"]
[WhiteElo "1901"]
[BlackElo "2210"]
[PlyCount "51"]
[EventDate "2015.10.08"]
[EventType "swiss"]
[EventRounds "9"]
[EventCountry "COL"]
[SourceTitle "CBM 168 Extra"]
[Source "ChessBase"]
[SourceDate "2015.10.29"]
[SourceVersion "1"]
[SourceVersionDate "2015.10.29"]
[SourceQuality "1"]

1. e4 e6 2. d4 d5 3. e5 c5 4. c3 Nc6 5. Nf3 Qb6 6. Bd3 cxd4 7. cxd4 Bd7 8. Nc3 Nxd4 9. Nxd4 Qxd4 10. 0-0 a6 11. a3 Qxe5 12. Re1 Qd6 13. Bc4 dxc4 14. Nd5 Bc6 15. Nb6 Qxd1 16. Rxd1 Rd8 17. Bg5 Rxd1+ 18. Rxd1 Be7 19. Bf4 Nf6 20. Nxc4 0-0 21. f3 Rd8 22. Rc1 Nd5 23. Bg3 h6 24. b4 Bb5 25. Na5 b6 26. Nb3 0-1

[Event "Bogota McGregor op 3rd"]
[Site "Bogota"]
[Date "2012.12.15"]
[Round "6"]
[White "Pacheco, Marco"]
[Black "Gomez Viana, Duvan Leandro"]
[Result "1-0"]
[WhiteElo "2399"]
[BlackElo "1899"]
[PlyCount "53"]
[EventDate "2012.12.12"]
[EventType "swiss"]
[EventRounds "9"]
[EventCountry "COL"]
[SourceTitle "EXT 2014"]
[Source "ChessBase"]
[SourceDate "2013.11.20"]
[SourceVersion "1"]
[SourceVersionDate "2013.11.20"]
[SourceQuality "1"]

1. d4 d5 2. c4 e5 3. dxe5 d4 4. Nf3 Nc6 5. a3 Nge7 6. b4 Ng6 7. Bb2 Be6 8. Nxd4 Ncxe5 9. Nxe6 Qxd1+ 10. Kxd1 fxe6 11. Nd2 0-0-0 12. Kc2 Be7 13. Ne4 Nxc4 14. Bxg7 Rhg8 15. Bc3 Nh4 16. g3 Nf5 17. e3 Nb6 18. Be2 Nd5 19. Bb2 Rgf8 20. Rac1 Nd6 21. Nxd6+ Rxd6 22. Rhf1 Bg5 23. Kb3 e5 24. Bxe5 Rh6 25. Bc4 Nb6 26. h4 Bf6 27. Bf4 1-0

[Event "Tolima Region-ch"]
[Site "Tolima"]
[Date "2012.03.03"]
[Round "4"]
[White "Gomez Viana, Duvan Leandro"]
[Black "Pardo Sierra, Aurelio"]
[Result "1/2-1/2"]
[WhiteElo "1890"]
[BlackElo "2052"]
[PlyCount "91"]
[EventDate "2012.03.02"]
[EventType "swiss"]
[EventRounds "6"]
[EventCountry "COL"]
[SourceTitle "CBM 147 Extra"]
[Source "ChessBase"]
[SourceDate "2012.04.24"]
[SourceVersion "1"]
[SourceVersionDate "2012.04.24"]
[SourceQuality "1"]

1. e4 c6 2. d4 d5 3. e5 c5 4. c3 Nc6 5. Nf3 Bg4 6. Bb5 e6 7. Bxc6+ bxc6 8. Qa4 Qc7 9. Nbd2 c4 10. h3 Bf5 11. 0-0 Be7 12. b3 cxb3 13. axb3 h5 14. Ba3 Bd3 15. Bxe7 Nxe7 16. Rfe1 0-0 17. Re3 Bh7 18. Ng5 Bg6 19. b4 Nf5 20. Rf3 h4 21. Kf1 Qe7 22. Rxf5 Bxf5 23. Ngf3 Bd3+ 24. Kg1 Bb5 25. Qc2 f5 26. exf6 Qxf6 27. Nf1 Bxf1 28. Kxf1 a5 29. bxa5 Ra6 30. Ne5 Rfa8 31. Qb2 Rxa5 32. Rxa5 Rxa5 33. Nxc6 Ra8 34. f3 Qf4 35. Ne5 Qe3 36. Ng4 Qd3+ 37. Kf2 Qc4 38. Ke3 Ra2 39. Qb6 Qxc3+ 40. Kf4 Qc1+ 41. Ne3 g5+ 42. Kg4 Qxe3 43. Qd8+ Kf7 44. Qd7+ Kf6 45. Qd8+ Kf7 46. Qd7+ 1/2-1/2